00534nam a2200157Ia 4500008004100000040001900041041001200060082002500072100001700097245012500114260003300239300002200272504005000294650002200344850001000366131103s9999 xx 000 0 und d aLoreto College aEnglish a943/FINbLCLIB/24771 aFinley,Ralph aModern German historyb with two additional chapters covering the war of 1939 - 45 and the post - war years cRalph Fley aLondon bMethuen & Co.c1955 axiv,mapsb 17 cm. aIncludes bibliographical references and index aGermany - History aLCLIB